Poovan Banana (Record no. 50236)
[ view plain ]
| 000 -LEADER | |
|---|---|
| fixed length control field | 00408nam a2200133Ia 4500 |
| 008 - FIXED-LENGTH DATA ELEMENTS--GENERAL INFORMATION | |
| fixed length control field | 211109s9999||||xx |||||||||||||| ||und|| |
| 082 ## - DEWEY DECIMAL CLASSIFICATION NUMBER | |
| Classification number | 823.3 |
| Item number | BAS-P |
| 100 ## - MAIN ENTRY--PERSONAL NAME | |
| Personal name | Basheer, Vaikom Muhammad |
| 245 #0 - TITLE STATEMENT | |
| Title | Poovan Banana |
| 260 ## - PUBLICATION, DISTRIBUTION, ETC. | |
| Name of publisher, distributor, etc. | Orient Blackswan |
| Place of publication, distribution, etc. | New Delhi |
| Date of publication, distribution, etc. | 1994 |
| 630 ## - SUBJECT ADDED ENTRY--UNIFORM TITLE | |
| General subdivision | General stack |
| 650 ## - SUBJECT ADDED ENTRY--TOPICAL TERM | |
| Topical term or geographic name entry element | English fiction |
| 942 ## - ADDED ENTRY ELEMENTS (KOHA) | |
| Koha item type | BOOK |
| 650 ## - SUBJECT ADDED ENTRY--TOPICAL TERM | |
| Form subdivision | English & Old English literatures |
| General subdivision | Literature & rhetoricMalayalam |
| Withdrawn status | Lost status | Damaged status | Not for loan | Home library | Current library | Date acquired | Cost, normal purchase price | Total Checkouts | Full call number | Barcode | Shelving location | Date last seen | Price effective from | Koha item type |
|---|---|---|---|---|---|---|---|---|---|---|---|---|---|---|
| SB LIBRARY | SB LIBRARY | 09/11/2021 | 105.00 | 823.3 BAS-P | 00092413 | GENERAL STACK | 09/11/2021 | 09/11/2021 | BOOK |